000 00680cam3a220021700 4500
001 lce00156749
008 700513s1968 nr b 000 0 eng
010 _a 76232858
035 _a(Sirsi) r64744
035 _a(DLC) 76232858
035 _a(UPRA)lce00156749
040 _dUPRA
050 0 _aZ5954.N5
_bO83
082 _a016.730/9669
100 1 _aOsundina, Oyeniyi.
_6A24662.1
245 1 0 _aBibliography of Nigerian sculpture.
260 _a[Lagos] :
_bUniversity of Lagos Library,
_c[1968]
650 0 _aSculpture, Nigerian -- Bibliography.
_xSculpture, Nigerian -- Bibliography.
_6S17838.1
949 _aZ5954.N5
_wlcc
_i-86382
_mMAIN
_tBOOK
_lON-SHELF
004 64744
999 _c179981
_d179981